| 000 | 00630nam a2200205 a 4500 | ||
|---|---|---|---|
| 999 |
_c2578 _d2578 |
||
| 001 | 2578 | ||
| 003 | BD-JhCC | ||
| 005 | 20171104202145.0 | ||
| 008 | 171104b1986 bg ||||| |||| 00| 0 ben d | ||
| 035 | _a(BD-JhCC) | ||
| 040 |
_aBD-JhCC _dBD-JhCC |
||
| 041 | _aben | ||
| 082 |
_a891.443 _bOSM 1986 |
||
| 100 | _aওসমান, শওকত | ||
| 245 |
_aপিতৃপুরুষের পাপ / _cশওকত ওসমান |
||
| 260 |
_aঢাকা : _bনওরোজ সাহিত্য সংসদ ; _c১৯৮৬ |
||
| 300 |
_a৭৫ পৃ. ; _c২০ সেমি |
||
| 650 | _aBengali novel | ||
| 942 |
_2ddc _cBK |
||